000 01025nam a2200313 a 4500
003 CBULib
005 20260508103720.0
008 080109s1974 ||||||||||||||||| || u
020 _a0863411541
040 _bEnglish
_cCBULib
_erda
050 _aTK 146 Whi
100 _95437
_aWhitfield, J.F.
245 1 0 _aElectrical craft principles. Volume 2
250 _a3rd edition
260 _aHerts :
_bPeter Peregrinus,
_c1974
300 _axviii, 250 pages : illustrations
336 _2rdacontent
_aText |
_btxt
337 _2rdamedia
_aUnmediated |
_bn
338 _2rdacarrier
_aVolume
_bnc
490 _aCrafts Studies
650 0 _aELECTRICITY
_95438
650 0 _aELECTRICAL ENGINEERING
_95439
700 _95440
_aHiller, N.
_eseries editor
942 _2lcc
_c002
999 _c86696
_d86696